| 000 | 00753nam a2200241 i 4500 | ||
|---|---|---|---|
| 003 | DO-SdBNP | ||
| 005 | 20230804084550.0 | ||
| 006 | a||||gr|||| 00| 0 | ||
| 007 | ta | ||
| 008 | 230803e1975 |||||||| |||| 00| p spa d | ||
| 040 |
_aDO-SdBNP _bspa _cBNPHU _erda |
||
| 082 | 4 |
_222 _bD632p |
|
| 100 | 1 |
_aDobal, Carlos, _d1926-2011 _952039 _eautor |
|
| 245 | 1 | 0 |
_aPoemas. / _cCarlos Dobal |
| 264 | 1 |
_aSantiago de los Caballeros, República Dominicana : _bTeófilo, _c1975 |
|
| 300 |
_a35 páginas ; _c23 cm. |
||
| 336 |
_2rdacontent _atexto _btxt |
||
| 337 |
_2rdamedia _asin mediación _bn |
||
| 338 |
_2rdacarrier _avolumen _bnc |
||
| 500 | _aIncluye datos biográficos del autor en la contracubierta. | ||
| 590 | _aInventariado 2023 / MF | ||
| 942 |
_2ddc _cLF2 |
||
| 999 |
_c54317 _d54317 |
||